Подробности
| 000 -МАРКЕР |
| контрольное поле |
02680nam0a2200397 4500 |
| 001 - ИДЕНТИФИКАТОР ЗАПИСИ |
| контрольное поле |
RU\NLR\bibl\1690837 |
| 005 - ИДЕНТИФИКАТОР ВЕРСИИ |
| контрольное поле |
20260408002426.0 |
| 010 ## - МЕЖДУНАРОДНЫЙ СТАНДАРТНЫЙ НОМЕР КНИГИ (ISBN) |
| Номер (ISBN) |
978-5-91521-026-3 |
| Тираж |
1000 |
| 021 ## - НОМЕР ГОСУДАРСТВЕННОЙ РЕГИСТРАЦИИ |
| Код страны |
Российская Федерация |
| Номер |
2010-2794и |
| Номер Листа государственной регистраци |
283и |
| 035 ## - ДРУГИЕ СИСТЕМНЫЕ НОМЕРА |
| Идентификатор записи |
(NLR Aleph) 001681955 |
| 100 ## - ДАННЫЕ ОБЩЕЙ ОБРАБОТКИ |
| Данные общей обработки |
20101027d2010 |||y0rusy50 ca |
| 101 0# - ЯЗЫК РЕСУРСА |
| Язык текста, звукозаписи и т.д. |
русский |
| 102 ## - СТРАНА ПУБЛИКАЦИИ ИЛИ ПРОИЗВОДСТВА |
| Страна публикации |
Российская Федерация |
| 105 ## - ПОЛЕ КОДИРОВАННЫХ ДАННЫХ: ТЕКСТОВЫЕ МАТЕРИАЛЫ, МОНОГРАФИЧЕСКИЕ |
| Кодированные данные о монографическом текстовом документе |
a ||||||||| |
| 200 1# - ЗАГЛАВИЕ И СВЕДЕНИЯ ОБ ОТВЕТСТВЕННОСТИ |
| Основное заглавие |
Шедевры европейской графики из собрания В.Н. и Н.В.Басниных |
| Сведения, относящиеся к заглавию |
[каталог выставки, 12 октября - 12 декабря 2010 года] |
| -- |
к 100-летию Государственного музея изобразительных искусств имени А.С. Пушкина |
| Первые сведения об ответственности |
[сост.: Н.О. Веденеева |
| Последующие сведения об ответственности |
авт. ст.: Л.Л. Бойчук и др. |
| -- |
авт. вступ. ст.: О.Н. Антонов и др.] |
| 210 ## - ПУБЛИКАЦИЯ, РАСПРОСТРАНЕНИЕ И ДР. |
| Место издания, распространения и т.д. |
Москва |
| Имя издателя, распространителя и т. д. |
Красная площадь |
| Дата издания, распространения и т.д. |
2010 |
| 215 ## - ФИЗИЧЕСКАЯ ХАРАКТЕРИСТИКА |
| Специфическое обозначение материала и объем |
431, [1] с. |
| Другие сведения о физической характеристике |
ил., цв. ил., портр. |
| Размеры |
29 |
| 300 ## - ОБЩИЕ ПРИМЕЧАНИЯ |
| Текст примечания |
В надзаг.: М-во культуры Рос. Федерации, Гос. музей изобраз. искусств им. А.С. Пушкина, Гос. ист. музей |
| 320 ## - ПРИМЕЧАНИЯ О НАЛИЧИИ В ДОКУМЕНТЕ БИБЛИОГРАФИИ / УКАЗАТЕЛЯ |
| Текст примечания |
Библиогр. в тексте |
| 320 ## - ПРИМЕЧАНИЯ О НАЛИЧИИ В ДОКУМЕНТЕ БИБЛИОГРАФИИ / УКАЗАТЕЛЯ |
| Текст примечания |
Указ. имен: с. 429-431 |
| 601 02 - НАИМЕНОВАНИЕ ОРГАНИЗАЦИИ КАК ПРЕДМЕТ |
| Начальный элемент ввода |
Государственный музей изобразительных искусств им. А.С. Пушкина |
| Идентифицирующий признак |
Москва, город |
| Формальный подзаголовок |
Каталоги |
| Тематический подзаголовок |
Коллекция графики |
| -- |
Выставки |
| Географический подзаголовок |
2010 |
| Системный номер авторитетной/нормативной записи |
2610573 |
| Идентификатор авторитетной/нормативной записи |
RU\NLR\auth\661547131 |
| 606 1# - НАИМЕНОВАНИЕ ТЕМЫ КАК ПРЕДМЕТ |
| Наименование темы |
Графика |
| Формальный подзаголовок |
Каталоги |
| Тематический подзаголовок |
Выставки |
| Географический подзаголовок |
Европа Западная |
| -- |
Москва, город |
| Хронологический подзаголовок |
2010 |
| Системный номер авторитетной/нормативной записи |
2610574 |
| Идентификатор авторитетной/нормативной записи |
RU\NLR\auth\661547132 |
| 686 ## - ИНДЕКСЫ ДРУГИХ КЛАССИФИКАЦИЙ |
| Индекс |
Щ153(0)л62 |
| 686 ## - ИНДЕКСЫ ДРУГИХ КЛАССИФИКАЦИЙ |
| Индекс |
Щ101.3(2Р)-2Москва2ГМИИ л62 |
| 702 #1 - ИМЯ ЛИЦА - ВТОРИЧНАЯ ОТВЕТСТВЕННОСТЬ |
| Начальный элемент ввода |
Веденеева |
| Часть имени, кроме начального элемента ввода |
Н. О. |
| Расширение инициалов личного имени |
Наталия Олеговна |
| Код отношения |
Составитель |
| 702 #1 - ИМЯ ЛИЦА - ВТОРИЧНАЯ ОТВЕТСТВЕННОСТЬ |
| Начальный элемент ввода |
Баснин |
| Часть имени, кроме начального элемента ввода |
В. Н. |
| Расширение инициалов личного имени |
Василий Николаевич |
| Код отношения |
Прочие |
| 702 #1 - ИМЯ ЛИЦА - ВТОРИЧНАЯ ОТВЕТСТВЕННОСТЬ |
| Начальный элемент ввода |
Баснин |
| Часть имени, кроме начального элемента ввода |
Н. В. |
| Расширение инициалов личного имени |
Николай Васильевич |
| Код отношения |
Прочие |
| 711 12 - НАИМЕНОВАНИЕ ОРГАНИЗАЦИИ - АЛЬТЕРНАТИВНАЯ ОТВЕТСТВЕННОСТЬ |
| Начальный элемент ввода |
"Шедевры европейской графики из собрания В. Н. и Н. В. Басниных", выставка |
| Дата проведения временной организации |
2010 |
| Место проведения временной организации |
Москва |
| Идентификатор авторитетной/нормативной записи |
RU\NLR\AUTH\8810166846 |
| Системный номер авторитетной/нормативной записи |
829598 |
| 712 02 - НАИМЕНОВАНИЕ ОРГАНИЗАЦИИ - ВТОРИЧНАЯ ОТВЕТСТВЕННОСТЬ |
| Код отношения |
Прочие |
| Начальный элемент ввода |
Государственный музей изобразительных искусств им. А. С. Пушкина |
| Идентифицирующий признак |
Москва |
| Идентификатор авторитетной/нормативной записи |
RU\NLR\AUTH\883002 |
| Системный номер авторитетной/нормативной записи |
277150 |
| 801 #0 - ИСТОЧНИК ЗАПИСИ |
| Страна |
Российская Федерация |
| Организация |
NLR |
| Дата составления |
20101027 |
| Правила каталогизации |
RCR |
| 801 #1 - ИСТОЧНИК ЗАПИСИ |
| Страна |
Российская Федерация |
| Организация |
NLR |
| Дата составления |
20101027 |
| 830 ## - ОБЩЕЕ ПРИМЕЧАНИЕ, СОСТАВЛЕННОЕ КАТАЛОГИЗАТОРОМ |
| Текст примечания |
сост. по ЭК |
| 942 ## - ДОПОЛНИТЕЛЬНЫЕ ЭЛЕМЕНТЫ ЗАПИСИ (АБИС) |
| Тип экземпляра АБИС |
Книга |
| 980 ## - КОЛЛЕКЦИЯ |
| Название коллекции |
Национальная библиография |